| 000 | 01053pab a2200169 454500 | ||
|---|---|---|---|
| 008 | 180718b1997 xxu||||| |||| 00| 0 eng d | ||
| 100 | _aDhungel, Dwarika Nath | ||
| 245 | _aOrganizational restructuring for administrative reform: the Nepalese experience | ||
| 260 | _c1997 | ||
| 300 | _ap.64-71 | ||
| 362 | _aJul-Dec | ||
| 520 | _aThe optimum size of the civil service very much depends on such factors as type of functions, volume of work, and kinds of goods and services to be provided by the government. The prolonged debate about the nature and scope of government functions is sustained by proponents of a school of thought advocating for limited functions, and another school of thought calling for the involvement of government in the delivery of basic goods and services to its people and the performance of traditional functions such as maintenance of law and order and revenue collection | ||
| 650 | _aAdministrative reform - Nepal | ||
| 650 | _aAdministrative reform | ||
| 773 | _aAsian Review of Public Administration | ||
| 909 | _a38792 | ||
| 999 |
_c38792 _d38792 |
||